00681nam a22001937a 4500003001100000005001700011008004100028020001500069040003900084041000800123082001500131245008000146260005900226300003200285650007000317650005200387700002400439700002400463LK-CoMWRAF20230928161722.0230928b1996 |||||||| |||| 00| 0 eng d a1853393339 aLK-CoMWRAFdLK-CoMWRAFeLK-CoMWRAF aeng a307.1bEDU aEducating for real:bthe training of professionals for development practice aLondon: bIntermediate Technology Publications,c1996 axvi, 207 p. : ill. ; 23 cm. a City planning-Study and teaching (Higher)-Developing countries.  aCity planners-Training of-Developing countries. aHambdi, Nabeeleed. aEl-Sherif, Amreed.